Operations research : An introduction (Record no. 164538)
[ view plain ]
| 000 -LEADER | |
|---|---|
| fixed length control field | 00393nam a2200157Ia 4500 |
| 008 - FIXED-LENGTH DATA ELEMENTS--GENERAL INFORMATION | |
| fixed length control field | 231217s9999 xx 000 0 und d |
| 041 ## - LANGUAGE CODE | |
| Language code of text/sound track or separate title | English |
| 082 ## - DEWEY DECIMAL CLASSIFICATION NUMBER | |
| Classification number | 001.424 TAH;6 |
| 100 ## - MAIN ENTRY--PERSONAL NAME | |
| Personal name | Taha, Hamdy A. |
| 245 #0 - TITLE STATEMENT | |
| Title | Operations research : An introduction |
| 250 ## - EDITION STATEMENT | |
| Edition statement | 5th ed. |
| 260 ## - PUBLICATION, DISTRIBUTION, ETC. | |
| Date of publication, distribution, etc. | 1996 |
| Name of publisher, distributor, etc. | New Delhi : PHI, |
| 300 ## - PHYSICAL DESCRIPTION | |
| Extent | xix+822 |
| 650 ## - SUBJECT ADDED ENTRY--TOPICAL TERM | |
| Topical term or geographic name entry element | Operations research |
| 942 ## - ADDED ENTRY ELEMENTS (KOHA) | |
| Koha item type | Books |
| Date last seen | Total checkouts | Full call number | Accession number | Cost, total (INR) price | Price effective from | Category | Lost status | Damaged status | Department | Withdrawn status | Home library | Current library | Entry date | Vendor | Cost, normal purchase price | Grants | Billnumber | Billdate | Currency symbol | Conversion rate | Discount | Old discount | Shelving location |
|---|---|---|---|---|---|---|---|---|---|---|---|---|---|---|---|---|---|---|---|---|---|---|---|
| 26/01/2024 | 001.424 TAH;6 | 9222 | 165.75 | 26/01/2024 | Books | Central Library | Central Library | Central Library | 06/01/1996 | Mega Books | 195.00 | ME | 5040 | 18/08/1999 | RS | 1 | 29.25 | 15 | |||||
| 26/01/2024 | 001.424 TAH;7 | 9223 | 165.75 | 26/01/2024 | Books | Central Library | Central Library | Central Library | 06/01/1996 | Mega Books | 195.00 | ME | 5040 | 18/08/1999 | RS | 1 | 29.25 | 15 | |||||
| 26/01/2024 | 001.424 TAH;8 | 9224 | 165.75 | 26/01/2024 | Books | Central Library | Central Library | Central Library | 06/01/1996 | Mega Books | 195.00 | ME | 5040 | 18/08/1999 | RS | 1 | 29.25 | 15 | |||||
| 26/01/2024 | 001.424 TAH;9 | 9225 | 165.75 | 26/01/2024 | Books | Central Library | Central Library | Central Library | 06/01/1996 | Mega Books | 195.00 | ME | 5040 | 18/08/1999 | RS | 1 | 29.25 | 15 | |||||
| 26/01/2024 | 001.424 TAH;10 | 9226 | 165.75 | 26/01/2024 | Books | Central Library | Central Library | Central Library | 06/01/1996 | 195.00 | ME | 5040 | 18/08/1999 | RS | 1 | 29.25 | 15 | Library Annex | |||||
| 26/01/2024 | 001.424 TAH;11 | 9227 | 165.75 | 26/01/2024 | Books | Central Library | Central Library | Central Library | 06/01/1996 | Mega Books | 195.00 | ME | 5040 | 18/08/1999 | RS | 1 | 29.25 | 15 | |||||
| 26/01/2024 | 001.424 TAH;12 | 9228 | 165.75 | 26/01/2024 | Books | Central Library | Central Library | Central Library | 06/01/1996 | Mega Books | 195.00 | ME | 5040 | 18/08/1999 | RS | 1 | 29.25 | 15 | |||||
| 26/01/2024 | 001.424 TAH;13 | 9229 | 165.75 | 26/01/2024 | Books | Central Library | Central Library | Central Library | 06/01/1996 | Mega Books | 195.00 | ME | 5040 | 18/08/1999 | RS | 1 | 29.25 | 15 | |||||
| 26/01/2024 | 001.424 TAH;14 | 9230 | 165.75 | 26/01/2024 | Books | Central Library | Central Library | Central Library | 06/01/1996 | Mega Books | 195.00 | ME | 5040 | 18/08/1999 | RS | 1 | 29.25 | 15 | |||||
| 26/01/2024 | 001.424 TAH;15 | 9231 | 165.75 | 26/01/2024 | Books | Central Library | Central Library | Central Library | 06/01/1996 | Mega Books | 195.00 | ME | 5040 | 18/08/1999 | RS | 1 | 29.25 | 15 | |||||
| 26/01/2024 | 001.424 TAH;16 | 9232 | 165.75 | 26/01/2024 | Books | Central Library | Central Library | Central Library | 06/01/1996 | Mega Books | 195.00 | ME | 5040 | 18/08/1999 | RS | 1 | 29.25 | 15 | |||||
| 26/01/2024 | 001.424 TAH;17 | 9233 | 165.75 | 26/01/2024 | Books | Central Library | Central Library | Central Library | 06/01/1996 | Mega Books | 195.00 | ME | 5040 | 18/08/1999 | RS | 1 | 29.25 | 15 | |||||
| 26/01/2024 | 001.424 TAH;18 | 9234 | 165.75 | 26/01/2024 | Books | Central Library | Central Library | Central Library | 06/01/1996 | Mega Books | 195.00 | ME | 5040 | 18/08/1999 | RS | 1 | 29.25 | 15 | |||||
| 26/01/2024 | 001.424 TAH;19 | 9235 | 165.75 | 26/01/2024 | Books | Central Library | Central Library | Central Library | 06/01/1996 | Mega Books | 195.00 | ME | 5040 | 18/08/1999 | RS | 1 | 29.25 | 15 | |||||
| 26/01/2024 | 001.424 TAH;20 | 9236 | 165.75 | 26/01/2024 | Books | Central Library | Central Library | Central Library | 06/01/1996 | Mega Books | 195.00 | ME | 5040 | 18/08/1999 | RS | 1 | 29.25 | 15 |
